Voices of the Poor : Crying Out for Change /
Serie de tres obras referentes a la pobreza mundial, cuya segunda entrega recoge las opiniones de veinte mil personas pobres, procedentes de 23 naciones, expresadas en las evaluaciones participativas de la pobreza desarrolladas por el Banco Mundial. Los dos restantes libros de la serie tienen por tí...
Gorde:
| Beste egile batzuk: | |
|---|---|
| Formatua: | Liburua |
| Hizkuntza: | ingelesa |
| Argitaratua: |
Washington, EUA : Nueva York, EUA :
Banco Mundial ; Oxford University,
2000, c2000
|
| Saila: | (Voices of the Poor ;
2) |
| Gaiak: | |
| Etiketak: |
Etiketarik gabe, Izan zaitez lehena erregistro honi etiketa jartzen!
|
MARC
| LEADER | 00000nam^a2200000^a^4500 | ||
|---|---|---|---|
| 001 | 000121507 | ||
| 005 | 20250521000000.0 | ||
| 009 | 20260310094430.762 | ||
| 020 | |a 0-19-521602-4 | ||
| 037 | |a Acervo ITESO - Biblioteca | ||
| 041 | |a ING | ||
| 082 | |a 362. 5 |b VOI V. 2 | ||
| 240 | 1 | 1 | |a [Voices of the Poor] |
| 245 | 1 | 0 | |a Voices of the Poor : |b Crying Out for Change / |c D. Narayan... [et al.] ; pról. de Clare Short, James D. Wolfensohn. |
| 264 | 4 | |a Washington, EUA : |b Banco Mundial ; |a Nueva York, EUA : |b Oxford University, |c 2000, c2000 | |
| 300 | |a XVI, 314 p. | ||
| 336 | |a texto |b txt |2 rdacontenido | ||
| 337 | |a sin mediación |b n |2 rdamedio | ||
| 338 | |a volumen |b nc |2 rdasoporte | ||
| 440 | 1 | |a (Voices of the Poor ; |v 2) | |
| 520 | |a Serie de tres obras referentes a la pobreza mundial, cuya segunda entrega recoge las opiniones de veinte mil personas pobres, procedentes de 23 naciones, expresadas en las evaluaciones participativas de la pobreza desarrolladas por el Banco Mundial. Los dos restantes libros de la serie tienen por título Can Anyone Hear Us? y From Many Lands. | ||
| 649 | |a XX | ||
| 650 | |a Pobreza | ||
| 650 | |a Empleo y Desempleo | ||
| 650 | |a Seguridad Pública | ||
| 650 | |a Problemas Sociales | ||
| 650 | |a Género | ||
| 650 | |a Cuerpo Humano - |x Aspectos Sociales y Culturales | ||
| 650 | |a Internet - |x Aspectos Sociales y Culturales | ||
| 650 | |a Tecnologías de Comunicación e Información | ||
| 650 | |a Países Subdesarrollados | ||
| 650 | |a Servicios Públicos | ||
| 650 | |a Infraestructura Urbana | ||
| 650 | |a Política Social | ||
| 650 | |a Asistencia Social | ||
| 650 | |a Cambios Sociales y Culturales | ||
| 650 | |a Desarrollo Económico-Social | ||
| 700 | |a Narayan, Deepa |e (autor) | ||
| 910 | |a Fondo General | ||
| 920 | |a Impresos - Libros | ||
| 930 | |a Colección General | ||
| 905 | |a 101 | ||
| 901 | |a 0500055799 |b IT1 |c ACC |u 20250521 | ||
| 901 | |a 0500055789 |b IT1 |c ACC |u 20250521 | ||
| 902 | |a https://opac.biblio.iteso.mx/vufind/Record/000121507 | ||